Statistics for Flags of the World Chain Game #5

Click here to take the quiz!

General Stats

  • This quiz has been taken 946 times
  • The average score is 8 of 12

Answer Stats

Hint Answer % Correct
HTML tutorial Greece
100%
HTML tutorial Philippines
80%
HTML tutorial San Marino
74%
HTML tutorial Colombia
73%
HTML tutorial Kazakhstan
72%
HTML tutorial Italy
68%
HTML tutorial Seychelles
68%
HTML tutorial Guatemala
65%
HTML tutorial Iran
64%
HTML tutorial Bhutan
64%
HTML tutorial Trinidad and Tobago
62%
Palau
59%

Score Distribution

Percentile by Number Answered

Percent of People with Each Score

Your Score History

You have not taken this quiz